De Java-suikerindustrie en hare beteekenis voor land en volk, (Record no. 9240)

MARC details
000 -LEADER
fixed length control field 00611cam a22002051 4500
001 - CONTROL NUMBER
control field agr29000154
003 - CONTROL NUMBER IDENTIFIER
control field DLC
005 - DATE AND TIME OF LATEST TRANSACTION
control field 20260227110948.0
008 - FIXED-LENGTH DATA ELEMENTS--GENERAL INFORMATION
fixed length control field 880829s1927 xx a 000 0 dut
010 ## - LIBRARY OF CONGRESS CONTROL NUMBER
LC control number agr29000154
035 ## - SYSTEM CONTROL NUMBER
System control number (OCoLC)23431190
040 ## - CATALOGING SOURCE
Original cataloging agency DLC
Transcribing agency MiU
Modifying agency DLC
042 ## - AUTHENTICATION CODE
Authentication code premarc
050 00 - LIBRARY OF CONGRESS CALL NUMBER
Classification number HD9116.D95
Item number J47
100 1# - MAIN ENTRY--PERSONAL NAME
Personal name Tichelaar, J. J.
245 03 - TITLE STATEMENT
Title De Java-suikerindustrie en hare beteekenis voor land en volk,
260 ## - PUBLICATION, DISTRIBUTION, ETC.
Place of publication, distribution, etc. [Soerabaia,
Name of publisher, distributor, etc. N. V. Boekhandel en drukkerij v/h H. van Ingen
Date of publication, distribution, etc. [1927?]
300 ## - PHYSICAL DESCRIPTION
Extent xii, 212 p.
Other physical details illus.
Dimensions 25 cm.
650 #0 - SUBJECT ADDED ENTRY--TOPICAL TERM
Topical term or geographic name entry element Sugar
General subdivision Manufacture and refining

No items available.

Powered by Koha